| 000 | 00782nam a2200253 a 4500 | ||
|---|---|---|---|
| 001 | 4877625 | ||
| 003 | LC | ||
| 005 | 20160301120912.0 | ||
| 008 | 920610s1991 enk 000 1 eng | ||
| 010 | _a 92172842 | ||
| 020 |
_a9780434858989 _c£14.99 |
||
| 040 |
_aDLC _cDLC |
||
| 050 | 0 | 0 |
_aPR 9619.3 _b.W4 1992 |
| 082 | 0 | 0 |
_aFIC _bW52r 1991 |
| 100 | 1 |
_aWest, Morris L., _d1916- _919003 |
|
| 245 | 1 | 4 |
_aThe ringmaster / _cMorris West. |
| 260 |
_aLondon : _bHeinemann, _cc1992. |
||
| 300 |
_a309 p. : _b18 cm. |
||
| 650 |
_a Fiction. _9746 |
||
| 906 |
_a7 _bcbc _corignew _d3 _encip _f19 _gy-gencatlg |
||
| 942 |
_2lcc _cBK |
||
| 999 |
_c11119 _d11119 |
||